000 00660nam a22001697a 4500
008 160513b xxu||||| |||| 00| 0 eng d
020 _a978-971-0426-09-6
082 _22009
_aDFil 899.2104008'0921
_bM36
100 _98116
_aMartin, Isabel Pefianco
_eeditor.
245 _aHow, how the Carabao:
_btales of teaching English in the Philippines/
_cIsabel Pefianco Martin, editor.
260 _aQuezon City:
_bAteneo de Manila University Loyola Schools,
_cc2009.
300 _a61 pages;
_c23 cm.
650 0 _98117
_aTeacher's writings, Philippines.
650 0 _98118
_aEnglish language
_xStudy and teaching.
650 0 _98119
_aPhilippine essays.
942 _2ddc
_cDFIL
999 _c2457
_d2457